Statistics for Gamer1162's Famous Dictators Quiz - #1

Click here to take the quiz!

General Stats

  • This quiz has been taken 195 times
  • The average score is 12 of 22

Answer Stats

DictatorCountry% Correct
Francisco FrancoSpain
97%
Kim Jong-UnNorth Korea
93%
HirohitoJapan
89%
Vladimir LeninSoviet Union
88%
Ho Chi MinhNorth Vietnam
85%
Nicholas IIRussia
85%
Leopold IIBelgium/D.R. Congo
77%
Ion AntonescuRomania
66%
Jean-Claude DuvalierHaiti
64%
CaliulaRome
56%
Mengitsu Haile MariamEthiopia
44%
U Ne WinMyanmar
37%
Jorge Rafael VidelaArgentina
36%
Alfredo StroessnerParaguay
35%
Ante PavelicCroatia
34%
Omar Al-BashirSudan
33%
Islam KarimovUzbekistan
33%
Anastasio Somoza GarcíaNicaragua
31%
FaruqEgypt
28%
Juan María BordaberryUruguay
18%
Juvénal HabyarimanaRwanda
15%
Siaka StevensSierra Leone
15%

Score Distribution

Percentile by Number Answered

Percent of People with Each Score

Your Score History

You have not taken this quiz